| 000 | 00899nam a2200253 i 4500 | ||
|---|---|---|---|
| 003 | DO-SdBNP | ||
| 005 | 20230915102312.0 | ||
| 006 | a||||gr|||| 00| 0 | ||
| 007 | ta | ||
| 008 | 230915e1989 cu ah||| |||| 00| 0 spa d | ||
| 040 |
_aDO-SdBNP _bspa _cBNPHU _erda |
||
| 082 | 4 |
_222 _bS487i |
|
| 245 | 1 | 0 |
_aInglaterra: _bsus dos caras en la lucha cubana por la abolición. / _cRodolfo Serracino; edición, Morayma Bello |
| 264 | 1 |
_aLa Habana, Cuba : _bLetras Cubanas, _c1989 |
|
| 300 |
_a224, [3], páginas : _bIlustraciones, facsímil ; _c19 cm. |
||
| 336 |
_2rdacontent _atexto _btxt |
||
| 337 |
_2rdamedia _asin mediación _bn |
||
| 338 |
_2rdacarrier _avolumen _bnc |
||
| 500 | _aIncluye datos biográficos en la contracubierta. | ||
| 586 | _aConcurso MINFAR. Premio investigación histórica. | ||
| 590 | _aInventariado 2023 / MF | ||
| 700 | 1 |
_aBello, Morayma _eeditor _984143 |
|
| 942 |
_2ddc _cLBS1 |
||
| 999 |
_c54774 _d54774 |
||